| 000 | 00539nam a2200217 a 4500 | ||
|---|---|---|---|
| 001 | BRCA_6771 | ||
| 005 | 20190321142937.0 | ||
| 008 | 261011s1900----gw-#######---#000-0#ger-# | ||
| 041 | _ager | ||
| 044 | _agw | ||
| 050 | 4 | _b.W55 1900 | |
| 100 | 1 |
_aWilde, Oscar _d1854-1900 _915557 |
|
| 245 | 1 | 0 |
_aLehren und Sprüche _cvon Oscar Wilde. |
| 260 |
_aLeipzig _bIm Insel _c[1900] |
||
| 300 |
_a48 p. _c19 cm. |
||
| 440 | 0 |
_aIm Insel: Bücherei _v53 _916895 |
|
| 500 | _aL92 | ||
| 650 | 1 | 4 |
_aLiteratura _916400 |
| 902 | _aGFM | ||
| 942 |
_2lcc _cB |
||
| 999 |
_c6454 _d6454 |
||